Možnosti investovania do zlata a ich porovnanie s tradičnými spôsobmi zhodnocovania úspor bakalárska práca

Gespeichert in:
Bibliographische Detailangaben
1. Verfasser: Rybárik, Roman
Körperschaft: Fakulta podnikového manažmentu EU. Katedra podnikových financií
Weitere Verfasser: Škriniar, Pavel, 1979-
Format: Buch
Sprache:Slowakisch
Veröffentlicht: Bratislava 2022
Tags: Tag hinzufügen
Keine Tags, Fügen Sie das erste Tag hinzu!

MARC

LEADER 00000nbm a2200000 4500
001 0285321
005 20230223105633.3
041 0 |a slo 
044 |a SK 
245 1 0 |a Možnosti investovania do zlata a ich porovnanie s tradičnými spôsobmi zhodnocovania úspor  |b bakalárska práca  |c Roman Rybárik ; školiteľ: Pavel Škriniar 
264 1 |a Bratislava  |c 2022 
300 |a 45 s. 
100 1 |a Rybárik, Roman 
700 1 |a Škriniar, Pavel, 1979- 
710 2 |a Fakulta podnikového manažmentu EU. Katedra podnikových financií